El Gueguense ( bailete dialogado en el español - Nahuatl de Nicaragua )
সংরক্ষণ করুন:
| প্রধান লেখক: | |
|---|---|
| বিন্যাস: | গ্রন্থ |
| ভাষা: | Undetermined |
| প্রকাশিত: |
Managua, Nicaragua
Museo Nacional de Nicaragua
1992
|
| বিষয়গুলি: | |
| ট্যাগগুলো: |
ট্যাগ যুক্ত করুন
কোনো ট্যাগ নেই, প্রথমজন হিসাবে ট্যাগ করুন!
|
MARC
| LEADER | 00000nam a2200000Ia 4500 | ||
|---|---|---|---|
| 008 | 170316s9999 xx 000 0 und d | ||
| 040 | |a cru BVZT | ||
| 090 | |a 860 A-22.2g | ||
| 100 | |a Anónimo |9 1020 | ||
| 245 | |a El Gueguense ( bailete dialogado en el español - Nahuatl de Nicaragua ) | ||
| 260 | |a Managua, Nicaragua |b Museo Nacional de Nicaragua |c 1992 | ||
| 300 | |a 36 páginas | ||
| 650 | |a LITERATURA LATINOAMERICANA |9 15 | ||
| 650 | |a COMEDIA - NICARAGUA COLONIAL |9 1021 | ||
| 650 | |a MESTIZAJE CULTURAL - NICARAGUA |9 1022 | ||
| 650 | |a EL GÜEGÜENCE |9 1023 | ||
| 999 | |c 8311 |d 8311 | ||
| 942 | |c SALA |h 860 A-22.2g |2 z | ||
